00818nam a2200241 a 450000100060000000300080000600500170001400800410003102000150007203500190008704000270010604100080013308200280014110000260016924500610019526000310025630000250028750000190031265100580033194200120038999900170040195201580041857907BD-RjUL20211209080550.0161212s1984 enk 001 0 eng  a0333357809 a(BD-RjUL)58031 aUKMcUKMbengdBD-RjUL aeng a320.91724223bSOP 19841 aSomjee, A. H.917198710aPolitical society in developing countries /cA.H. Somjee aLondon :bMacmillan,c1984 axii, 202 p. ;c23 cm aIncludes index 0aDeveloping countriesxPolitics and government9171988 2ddccBK c57907d57907 00102ddc40718NFICaRUCLbRUCLcReadingd1990-09-11eBook Club Internationalg1814.00l0o320.91724 SOP 1984r2016-12-12 00:00:00tC-1w2016-12-12yBK